| 000 | 00614nam a22001817a 4500 | ||
|---|---|---|---|
| 999 |
_c139934 _d139934 |
||
| 005 | 20230317152815.0 | ||
| 010 | _aENG-118163 | ||
| 020 |
_a9789386062215 _c725.00 |
||
| 035 | _aEN-101695 | ||
| 037 | _bDBAD/PUB | ||
| 082 | _a362.404576320954 | ||
| 100 | _aAlur, Mithu | ||
| 245 |
_aA birth that changed a nation : _bA new model of care and inclusion / _cBy Mithu Alur |
||
| 260 |
_aNew Delhi _bSAGE Publications India _c2017 |
||
| 270 | _aB1/ I1 Mohan Cooperative Industrial Area Mathura Road, New Delhi-110044 | ||
| 300 |
_axxx, 245p _c24cm.(pbk) |
||
| 942 |
_2ddc _cEN _h362.404576320954 _mMIT |
||